El estado democrático y el estado autoritario: ensayos sobre teoría política y legal
Na minha lista:
| Autor principal: | |
|---|---|
| Formato: | Livro |
| Idioma: | espanhol |
| Publicado em: |
Buenos Aires
Paidós
1957
|
| Edição: | 1a. ed |
| Assuntos: | |
| Tags: |
Adicionar Tag
Sem tags, seja o primeiro a adicionar uma tag!
|
MARC
| LEADER | 00000cam a2200000 a 4500 | ||
|---|---|---|---|
| 001 | UCD4761 | ||
| 003 | CL-VaPUC | ||
| 008 | 160722e19570000ag |||||||||||||||||spa|d | ||
| 082 | 0 | 4 | |a 320.101 |b NEU |2 21 |
| 100 | |a Neumann, Franz |e autor |9 428439 | ||
| 245 | 1 | 3 | |a El estado democrático y el estado autoritario: ensayos sobre teoría política y legal |
| 250 | |a 1a. ed | ||
| 300 | |a 277 p | ||
| 942 | |c BK | ||
| 945 | |d 20160722 23:21:00 |a dcastane | ||
| 260 | |a Buenos Aires |b Paidós |c 1957 | ||
| 650 | 0 | |a Estado |9 255503 | |
| 650 | 7 | |a TEORIA POLITICA |2 CL-VaPUC |9 588487 | |
| 650 | 0 | |a Democracia |9 255256 | |
| 650 | 0 | |a Totalitarismo |9 255261 | |
| 650 | 0 | |a Poder político |9 255509 | |
| 650 | 7 | |a SISTEMAS POLITICOS |2 CL-VaPUC |9 588488 | |
| 583 | |a last modification |c 20160722 23:21:00 |k Rodrigo Vera | ||
| 999 | |c 365612 |d 365610 | ||
| 952 | |0 0 |1 0 |3 erb |4 0 |6 320_101000000000000_NEU_1957 |7 0 |8 A |9 479497 |a FDOHBE |b FDOHBE |e Huesbe Llanos, Marco Antonio, 1934- |i 5306817 |o 320.101 NEU 1957 |p 5306817 |r 2024-01-30 |w 2019-11-24 |y BK |z Catalogado en:20160722 |k HBE | ||